000 00654nam a22002417a 4500
003 UA-OsUOA
001 92722
007 ta
008 20121224b un ||||| |||| 00| 0 ukr d
100 _aГурко Є.
090 _a82-94
_bГ95
942 _cBK
040 _aUA-OsUOA
_bukr
_cUA-OsUOA
_dUA-OsUOA
245 _aМісія людини
_bпромови, статті
_cупоряд. Гурко С.
300 _a108 с.
955 _a1
041 _aukr
080 _a82-94
020 _a966-8282-77-9
260 _aК.
_bЗадруга
_c2005
650 7 _a82 Література. Літературознавство
_2UDC
999 _c379149
_d379149